1893 1285 1011 1909 1054 1461 1065 1821 1184 1693 1789 1717 1480 1932 1447 1240 1734 1405 1268 1990 1249 1896 1149 1361 1824 1777 1471 1974 1725 1090 1766 1512 1857 1245 1231 1448 1684 1795 1060 1167 1209 1495 1438 1630 1374 1334 1052 1640 1763 1034 1118 1474 1827 1636 1425 1770 1747 1314 1734 1347 1665 1247 1527 1627 1771 1284 1144 1691 1027 1859 1129 1085 1894 1060 1343 1736 1088 1726 1871 1907 1014 1530 1949 1130 1548 1427 1618 1554 1913 1140 1022 1264 1859 1727 1342 1370 1824 1515 1122 BCNSPRNW ULIB Ver.6.0+V

เปลี่ยนเป็นภาษาไทย

Change to English
 แสดงรายละเอียดบรรณานุกรม
  กลับหน้าหลัก

Brief Record : Get Marc (ISO 2709) : E-mail record : QR code < ปิดหน้าต่าง
LEADER : 00000nam 2200000uu 4500
001    13399113850
003     ULIB
008    120110s||||||||th 000 0 tha d
099    วจ.WY18.2^bป145น
100 0  ปฐมามาศ โชติบัณ
245 00 นวัตกรรมชุดหุ่นฝึกทักษะการปฏิบัติการพยาบาล/^cปฐมามาศ โชติบัณ,กิตติพร เนาว์สุวรรณ,จรูญรัตน์ รอดเนียม และ ธารินี นนทพุทธ
260    สงขลา :^bวิทยาลัยพยาบาลบรมราชชนนี สงขลา,^c2554
300    88 หน้า :^bตาราง
500    รายงานการวิจัย
650  7 หุ่นช่วยฝึก^xวิจัย
650  7 นวัตกรรม^xวิจัย
700 02 กิตติพร เนาว์สุวรรณ
700 02 จรูญรัตน์ รอดเนียม
700 02 ธารินี นนทพุทธ
710 1  วิทยาลัยพยาบาลบรมราชชนนี สงขลา
945    ^p0^l0^i030918
995    ทศพร
999 ^a ทศพร
รายการนี้ยังไม่มีแท็ก
คุณยังไม่ได้ล็อกอิน คุณสามารถมีกิจกรรมร่วมกับเว็บไซต์ได้ แต่ต้องล็อกอินก่อน ::
  ล็อกอิน

รายการสื่อสารสนเทศ

ลำดับที่ ประเภท เลขเรียก/บาร์โค้ด สถานที่ สถานะ
1. งานวิจัย
งานวิจัย
วจ.WY18.2 ป145น ฉ.1 
  Barcode: 030918
ห้องสมุดวิทยาเขตสวรรค์ประชารักษ์
►วิจัย
บนชั้น

รายการใกล้เคียง
    ผู้แต่ง [ปฐมามาศ โชติบัณ]

BibComment


ยังไม่เคยถูกคอมเมนท์

คอมเมนท์ทรัพยากรรายการนี้
  คอมเมนท์: นวัตกรรมชุดหุ่นฝึ..


 Copyright 2026. Bcnsprnw @Library